| 000 | 00579nam a22001697a 4500 | ||
|---|---|---|---|
| 999 |
_c15211 _d15211 |
||
| 003 | OSt | ||
| 082 | _2631.3 MAH/DE | ||
| 088 | _aT 121 | ||
| 100 |
_aMAHADEV P. JYOTHI _92781 |
||
| 245 | _aDevelopment of self - picking reel for vertical conveyor reaper | ||
| 260 |
_aTavanur 2001 _bKelappaji College of Agricultural Engineering and Technology |
||
| 300 | _a132 | ||
| 500 | _aDevelopment of self - picking reel for vertical conveyor reaper | ||
| 520 | _aDevelopment of self - picking reel for vertical conveyor reaper | ||
| 700 |
_aDr. M. Sivaswami (Guide) _92207 |
||
| 942 | _cTH | ||